[Event "Sheikh Russel GM 2021"]
[Site "Dhaka"]
[Date "2021.10.26"]
[Round "8.22"]
[White "Murshed, Niaz"]
[Black "Kislinsky, Alexey"]
[Result "1-0"]
[WhiteElo "2410"]
[BlackElo "2335"]
[Annotator "TA"]
[PlyCount "79"]
[EventDate "2021.10.19"]
[EventType "swiss"]
[EventCountry "BAN"]
[SourceTitle "playchess.com"]
[Source "ChessBase"]
[SourceQuality "1"]

{[%evp 14,79,60,54,62,59,68,77,80,46,51,47,70,69,75,69,71,68,84,77,95,66,64,67,70,69,108,105,256,264,285,272,345,361,358,355,345,335,416,417,449,469,459,441,475,473,584,566,572,570,612,603,681,649,674,660,745,644,925,321,400,413,820,806,768,749,1365,1264]} 1. d4 Nf6 2. c4 c5 3. d5 g6 4. Nc3 Bg7 5. e4 d6 6. Nf3 O-O 7. h3 a6 8. a4 b6 {E90: King's Indian: Classical: Early deviations and 6 h3.} 9. Bd3 Nbd7 10. O-O e5 {White is better.} 11. dxe6 fxe6 12. Bc2 {[#]} Qe7 $146 ({Predecessor:} 12... Ne8 13. Ng5 Ne5 14. f4 Nc6 15. f5 Nd4 16. fxg6 hxg6 17. Rxf8+ Bxf8 18. e5 Nxc2 19. Qxc2 {1-0 (32) Mazara,A (2250)-Ferragut,A (2215) Cuba 1998}) 13. Bf4 Ne8 {aiming for ...Bxc3.} 14. Qd2 Bb7 15. Rad1 {[%cal Rf4d6]} Bd4 16. Bg5 ({Reject} 16. Nxd4 $6 cxd4 17. Na2 e5 $11) 16... Bf6 17. Bh6 Bg7 $1 18. Bxg7 Kxg7 19. Qg5 $36 {[%mdl 2048] Black is under pressure.} Qf7 20. Qg3 h6 $2 {[#] This costs Black the game.} (20... Qe7 $16) 21. Nh4 $1 $18 {Strongly threatening e5.} g5 {[#]} 22. e5 $1 dxe5 23. Ng6 Nef6 24. Nxf8 Rxf8 25. Qe3 Qh5 26. Be4 Bxe4 27. Nxe4 Qh4 {[#]} 28. Rd6 $1 Rf7 (28... Qxe4 29. Rxd7+) 29. Nxf6 Kxf6 30. Rfd1 Nf8 31. b3 Ng6 32. Rxb6 g4 33. g3 Qxh3 34. Rdd6 Re7 35. Qe4 Nf8 36. Qh1 $2 (36. Qa8 Rf7 37. Qxa6) 36... Qxh1+ 37. Kxh1 Nh7 (37... a5 $142 38. Kg2 Nh7) 38. Rxa6 {White is clearly winning.} Ng5 39. a5 Ne4 {[#]} 40. Rxe6+ $3 {[%mdl 512] Weighted Error Value: White=0.16/Black=0.37} 1-0

[Event "Sheikh Russel GM 2021"]
[Site "Dhaka"]
[Date "2021.10.26"]
[Round "8.24"]
[White "Debashis, Das"]
[Black "Piyumantha, M Sasith Nipun"]
[Result "1-0"]
[WhiteElo "2501"]
[BlackElo "2231"]
[Annotator "TA"]
[PlyCount "107"]
[EventDate "2021.10.19"]
[EventType "swiss"]
[EventCountry "BAN"]
[SourceTitle "playchess.com"]
[Source "ChessBase"]
[SourceQuality "1"]

{[%evp 24,107,50,18,39,19,14,18,17,19,23,13,21,20,25,23,25,27,31,26,28,30,36,18,10,16,28,28,28,28,28,28,30,30,37,37,36,41,31,31,68,47,47,47,133,58,65,55,119,108,108,58,102,100,85,85,104,116,145,122,207,206,290,290,267,259,222,124,117,116,145,102,102,23,17,15,111,114,12839,12839,12840,12839,12844,12841,12841,12842]} 1. d4 d5 2. c4 e6 3. Nc3 c5 4. cxd5 cxd4 5. Qa4+ Bd7 6. Qxd4 exd5 7. Qxd5 Nf6 8. Qd1 Bc5 9. Nf3 O-O 10. e3 Qe7 11. Be2 Rd8 12. O-O Nc6 13. a3 Ne5 {D32: Tarrasch Defence: Sidelines and lines without g3.} 14. Qc2 Bc6 15. Nd4 Bxd4 {The position is equal.} 16. exd4 Rxd4 17. Be3 Rdd8 18. Rad1 {[#]} b6 $146 ({Predecessor:} 18... Nfg4 19. Rxd8+ Qxd8 20. Bd2 Qd6 21. Bf4 Qf6 22. Qc1 Ng6 23. Bg3 Nh6 24. Rd1 Nf5 25. Nd5 Bxd5 26. Rxd5 Nxg3 {½-½ (26) Lanzani,P (2214)-Latal,F (2149) ICCF email 2016}) 19. Rxd8+ Rxd8 20. Rd1 Rxd1+ 21. Qxd1 h6 22. Qd4 Qe6 23. h3 Nd5 24. Nxd5 Qxd5 25. Qxd5 Bxd5 $11 {[%mdl 4096] Endgame KBB-KBN} 26. Bd4 f6 27. f4 Nc6 28. Bc3 Kf7 29. Kf2 Na5 30. f5 Nc4 31. g4 a5 32. Kg3 b5 33. Kf4 a4 ({Black should try} 33... b4 $14 34. axb4 axb4) 34. Bd3 (34. Bf3 $1 $16 {[%cal Rf3d5]} Bxf3 35. Kxf3) 34... Bc6 $14 35. Be4 Be8 (35... Bd7 $1 $14) 36. Bd5+ $16 Ke7 37. Ke4 g6 38. Kd4 gxf5 39. gxf5 Bd7 40. Be4 Kf7 41. Kc5 $1 Ne3 (41... h5 $16 {was worth a try.}) 42. Bd3 $18 h5 (42... Nc4 {is a better defense.} 43. Bd4 Ke7) 43. Bxb5 Bxf5 44. Bxa4 Bxh3 {[#]} 45. Bd2 (45. b4 $1 $18) 45... Ng4 $16 46. Bd1 Bg2 47. a4 Ke6 48. Bxg4+ (48. Be2 $16) 48... hxg4 {KB-KB} 49. b4 {[%cal Bb2b4,Bb4b5,Bb5b6][%mdl 32]} Kd7 (49... Bf3 $11 {keeps the balance.}) 50. Kb6 Kc8 $2 {[%mdl 8192] [#] This costs Black the game.} (50... Be4 $16) 51. Ka7 $1 $18 {White is clearly winning.} g3 52. b5 Bc6 53. b6 g2 54. Be3 {Weighted Error Value: White=0.14/Black=0.21} 1-0

[Event "Sheikh Russel GM 2021"]
[Site "Dhaka"]
[Date "2021.10.27"]
[Round "9.1"]
[White "Rasulov, Vugar"]
[Black "Krasenkow, Michal"]
[Result "0-1"]
[WhiteElo "2452"]
[BlackElo "2578"]
[Annotator "ChessBase"]
[PlyCount "140"]
[EventDate "2021.10.19"]
[EventType "swiss"]
[EventCountry "BAN"]
[SourceTitle "playchess.com"]
[Source "ChessBase"]
[SourceQuality "1"]
[TimeControl "40/5400+30:1800+30"]

1. e4 {[%emt 0:00:11]} c5 {[%emt 0:00:04]} 2. Nf3 {[%emt 0:00:28]} Nc6 {[%emt 0:00:07]} 3. d4 {[%emt 0:00:25]} cxd4 {[%emt 0:00:07]} 4. Nxd4 {[%emt 0:00:09]} Nf6 {[%emt 0:00:04]} 5. Nc3 {[%emt 0:00:08]} e5 {[%emt 0:00:03]} 6. Ndb5 {[%emt 0:00:32]} d6 {[%emt 0:00:08]} 7. Bg5 {[%emt 0:00:37]} a6 {[%emt 0:00:08]} 8. Na3 {[%emt 0:00:15]} b5 {[%emt 0:00:05]} 9. Nd5 {[%emt 0:00:21]} Be7 {[%emt 0:00:08]} 10. Bxf6 {[%emt 0:00:06]} Bxf6 {[%emt 0:00:05]} 11. c4 {[%emt 0:00:04]} b4 {[%emt 0:00:06]} 12. Nc2 {[%emt 0:00:04]} a5 {[%emt 0:00:05]} 13. Be2 {[%emt 0:00:06]} O-O {[%emt 0:01:11]} 14. O-O {[%emt 0:00:04]} Bg5 {[%emt 0:00:03]} 15. Qd3 {[%emt 0:00:05]} Be6 {[%emt 0:01:18]} 16. Rfd1 {[%emt 0:02:40]} g6 {[%emt 0:01:03]} 17. Bf3 {[%emt 0:01:06]} Qb8 {[%emt 0:02:32]} 18. b3 {[%emt 0:01:42]} Qa7 {[%emt 0:07:07]} 19. Qe2 {[%emt 0:00:48]} Nd4 {[%emt 0:10:31]} 20. Nxd4 exd4 {[%emt 0:00:02]} 21. e5 {[%emt 0:08:04]} Bxd5 {[%emt 0:05:32]} 22. cxd5 {[%emt 0:00:56]} dxe5 {[%emt 0:03:32]} 23. Qxe5 {[%emt 0:00:12]} Bh6 {[%emt 0:00:20]} 24. d6 {[%emt 0:06:29]} Rad8 {[%emt 0:02:35]} 25. Bg4 {[%emt 0:06:45]} d3 {[%emt 0:06:25]} 26. Qd5 {[%emt 0:01:18]} d2 {[%emt 0:00:18]} 27. d7 {[%emt 0:02:51]} Bg7 {[%emt 0:00:15]} 28. Rab1 {[%emt 0:01:20]} Bc3 {[%emt 0:00:10]} 29. Bh3 {[%emt 0:02:05]} Kg7 {[%emt 0:05:27]} 30. Qd6 {[%emt 0:09:55]} f5 {[%emt 0:00:18]} 31. Qe7+ {[%emt 0:03:18]} Kh8 {[%emt 0:02:01]} 32. Rxd2 {[%emt 0:00:04]} Bxd2 {[%emt 0:00:30]} 33. Qe5+ {[%emt 0:00:04]} Kg8 {[%emt 0:00:06]} 34. Qe6+ {[%emt 0:00:04]} Kg7 {[%emt 0:06:42]} 35. Qe7+ {[%emt 0:00:02]} Rf7 {[%emt 0:00:11]} 36. Qxd8 {[%emt 0:00:06]} Rxd7 {[%emt 0:00:04]} 37. Qe8 {[%emt 0:05:25]} Bc3 {[%emt 0:01:51]} 38. Rf1 {[%emt 0:02:15]} Rd2 {[%emt 0:02:29]} 39. g4 {[%emt 0:03:58]} fxg4 {[%emt 0:21:41]} 40. Bxg4 {[%emt 0:00:00]} Rxa2 {[%emt 0:00:00]} 41. Be6 {[%emt 0:00:24]} Qc5 {[%emt 0:08:37]} 42. Qd7+ {[%emt 0:07:20]} Kh6 {[%emt 0:00:59]} 43. Bg8 {[%emt 0:00:21]} Bg7 {[%emt 0:07:10]} 44. Bd5 {[%emt 0:10:53]} Bf6 {[%emt 0:02:10]} 45. Bg8 {[%emt 0:03:02]} Qe7 {[%emt 0:00:40]} 46. Qh3+ {[%emt 0:05:10]} Bh4 {[%emt 0:00:10]} 47. Bd5 {[%emt 0:05:17]} Qg5+ {[%emt 0:03:25]} 48. Bg2 {[%emt 0:00:14]} Qf4 {[%emt 0:00:35]} 49. Qf3 {[%emt 0:04:31]} Qxf3 {[%emt 0:01:51]} 50. Bxf3 {[%emt 0:01:51]} Kg5 {[%emt 0:00:22]} 51. Bd5 {[%emt 0:00:06]} Kf4 {[%emt 0:01:55]} 52. Kg2 {[%emt 0:00:14]} Rd2 {[%emt 0:03:57]} 53. Bg8 {[%emt 0:00:12]} h6 {[%emt 0:00:24]} 54. Bf7 {[%emt 0:00:11]} g5 {[%emt 0:00:18]} 55. h3 {[%emt 0:03:27]} Ke4 {[%emt 0:10:16]} 56. Bg8 {[%emt 0:00:50]} Kd3 {[%emt 0:02:00]} 57. Kf3 {[%emt 0:00:12]} Kc2 {[%emt 0:03:02]} 58. Ra1 {[%emt 0:03:52]} Rxf2+ {[%emt 0:03:22]} 59. Kg4 {[%emt 0:00:01]} Rf4+ {[%emt 0:01:13]} 60. Kh5 {[%emt 0:00:02]} Rf3 {[%emt 0:01:38]} 61. Ra2+ {[%emt 0:00:17]} Kc3 {[%emt 0:02:10]} 62. Rxa5 {[%emt 0:00:15]} Rxh3 {[%emt 0:00:02]} 63. Kg4 {[%emt 0:03:08]} Rh2 {[%emt 0:00:25]} 64. Rc5+ {[%emt 0:02:24]} Kb2 {[%emt 0:00:10]} 65. Re5 {[%emt 0:00:19]} h5+ {[%emt 0:00:39]} 66. Kf5 {[%emt 0:02:08]} g4 {[%emt 0:00:16]} 67. Kg6 {[%emt 0:01:17]} g3 {[%emt 0:00:39]} 68. Bd5 {[%emt 0:00:03]} Rd2 {[%emt 0:00:47]} 69. Kxh5 {[%emt 0:00:40]} g2 {[%emt 0:01:04]} 70. Bxg2 {[%emt 0:00:31]} Rxg2 {[%emt 0:00:16]} 0-1

[Event "Sheikh Russel GM 2021"]
[Site "Dhaka"]
[Date "2021.10.27"]
[Round "9.2"]
[White "Bernadskiy, Vitaliy"]
[Black "Shyam, Sundar M."]
[Result "1/2-1/2"]
[WhiteElo "2580"]
[BlackElo "2518"]
[Annotator "TA"]
[PlyCount "37"]
[EventDate "2021.10.19"]
[EventType "swiss"]
[EventCountry "BAN"]
[SourceTitle "playchess.com"]
[Source "ChessBase"]
[SourceQuality "1"]

{[%evp 16,37,44,3,2,0,13,0,0,6,7,0,12,-8,0,0,-7,-21,0,-33,-33,-71,-75,-64]} 1. e4 e5 2. Nf3 Nc6 3. Bb5 a6 4. Ba4 Nf6 5. O-O Bc5 6. c3 b5 7. Bb3 d6 8. d4 Bb6 9. Be3 O-O {C78: Ruy Lopez: Archangelsk and Möller Defences.} 10. Nbd2 Re8 11. dxe5 {11.a4 gains popularity.} dxe5 {The position is equal.} 12. Qe2 Na5 13. Rfd1 Qe7 {[#]} 14. Bd5 $146 ({Predecessor:} 14. Bc2 Nh5 15. b4 Nc6 16. a4 Rb8 17. axb5 axb5 18. Bxb6 Rxb6 19. Qe3 Nf4 20. g3 {0-1 (53) Majhi,A (2231)-Lampert,J (2489) Wunsiedel 2016}) 14... Nxd5 15. exd5 Bxe3 16. Qxe3 Bg4 17. Re1 {[%cal Re3e5]} f6 18. a4 Qd7 19. b4 {Weighted Error Value: White=0.19/Black=0.02} 1/2-1/2

[Event "Sheikh Russel GM 2021"]
[Site "Dhaka"]
[Date "2021.10.27"]
[Round "9.4"]
[White "Mousavi, Seyed Khalil"]
[Black "Mosadeghpour, Masoud"]
[Result "1-0"]
[WhiteElo "2510"]
[BlackElo "2486"]
[Annotator "TA"]
[PlyCount "55"]
[EventDate "2021.10.19"]
[EventType "swiss"]
[EventCountry "BAN"]
[SourceTitle "playchess.com"]
[Source "ChessBase"]
[SourceQuality "1"]

{[%evp 18,55,18,21,37,31,34,26,31,0,65,71,44,54,41,47,52,50,122,106,133,137,187,142,162,123,179,158,452,451,620,618,664,663,649,623,1985,1737,5389,5389]} 1. d4 Nf6 2. c4 e6 3. Nc3 d5 4. cxd5 exd5 5. Bg5 Be7 6. e3 h6 7. Bh4 c6 8. Bd3 O-O 9. Qc2 {9.Nge2 is the fancy move.} Re8 10. Nge2 b5 {D36: Queen's Gambit Declined: Exchange Variation: Main line (5 Bg5 c6 6 Qc2).} 11. O-O a5 12. Rac1 Na6 {[#] White has an edge.} 13. Qb1 $5 $146 {[%mdl 8] New and interesting.} ({Predecessor:} 13. Qd2 Nb4 14. Bb1 Na6 15. f3 a4 16. a3 b4 17. Nxa4 Nb8 18. Bxf6 Bxf6 19. Qxb4 Rxe3 {½-½ (40) Dineen,T (2111)-Clement,G (2209) FICGS email 2010}) 13... Ne4 ({Better is} 13... Nb4 $11) 14. Bxe7 $14 Qxe7 15. Bxe4 dxe4 16. Ng3 {[%cal Rb1e4]} f5 17. f3 {[%cal Rf3e4]} b4 (17... Qg5 $14) 18. Nce2 $16 c5 19. fxe4 cxd4 {[%cal Rf5e4]} 20. Nxd4 fxe4 21. Rf4 {[%cal Rf4e4]} Nc5 (21... Kh8 $16 {was necessary.}) 22. Qc2 $18 Bb7 $2 {[#] Loses the game.} (22... Ne6 $16) 23. Ngf5 {White is clearly winning.} ({Inferior is} 23. Qxc5 Rac8 $11) 23... Qd7 24. Rg4 ({Not} 24. Qxc5 Rac8 $16) 24... Rec8 25. Rxg7+ Qxg7 26. Nxg7 Nd3 27. Qb3+ Kxg7 28. Rf1 {Weighted Error Value: White=0.07/Black=0.62} 1-0

[Event "Sheikh Russel GM 2021"]
[Site "Dhaka"]
[Date "2021.10.27"]
[Round "9.5"]
[White "Asadli, Vugar"]
[Black "Aronyak Ghosh"]
[Result "1/2-1/2"]
[WhiteElo "2585"]
[BlackElo "2445"]
[Annotator "TA"]
[PlyCount "21"]
[EventDate "2021.10.19"]
[EventType "swiss"]
[EventCountry "BAN"]
[SourceTitle "playchess.com"]
[Source "ChessBase"]
[SourceQuality "1"]

{[%evp 9,21,0,0,0,0,-4,2,1,14,6,44,36,35,16]} 1. e4 c5 2. Ne2 d6 3. g3 d5 4. d3 dxe4 5. dxe4 Qxd1+ 6. Kxd1 {[#] B20: Sicilian: Unusual White 2nd moves.} b6 $146 ({Predecessor:} 6... Nc6 7. Bg2 Bg4 8. f3 O-O-O+ 9. Ke1 Bd7 10. Be3 e5 11. c3 Be6 12. Na3 a6 {0-1 (48) Hjartarson,J (2578)-Oparin,G (2824) Chess.com INT 2018}) 7. Be3 Bb7 8. Nd2 g6 9. f3 Nd7 10. a4 f5 11. Nc3 {Black got outplayed after the opening.  Weighted Error Value: White=0.03/Black=0.10} 1/2-1/2

[Event "Sheikh Russel GM 2021"]
[Site "Dhaka"]
[Date "2021.10.27"]
[Round "9.6"]
[White "Aditya Mittal"]
[Black "Rios, Cristhian Camilo"]
[Result "1/2-1/2"]
[WhiteElo "2447"]
[BlackElo "2457"]
[Annotator "TA"]
[PlyCount "53"]
[EventDate "2021.10.19"]
[EventType "swiss"]
[EventCountry "BAN"]
[SourceTitle "playchess.com"]
[Source "ChessBase"]
[SourceQuality "1"]

{[%evp 12,53,0,0,6,0,0,-3,0,-2,0,-9,0,-15,-11,-4,-4,-14,0,0,0,0,0,0,23,0,0,0,35,35,44,22,23,14,8,4,14,0,0,-20,0,-29,-25,-62]} 1. d4 d5 2. c4 e6 3. Nc3 Nf6 4. Nf3 Bb4 5. Qa4+ Nc6 6. a3 Bxc3+ 7. bxc3 Ne4 {D38: Queen's Gambit Declined: Ragozin Defence (4 Nf3 Bb4).} 8. e3 {8.Bf4 is a critical line.} Nxc3 9. Qc2 Ne4 {The position is equal.} 10. Bd3 Nd6 11. c5 Nf5 {[#]} 12. Rb1 $146 ({Predecessor:} 12. O-O h6 13. Rb1 O-O 14. Qc3 Nfe7 15. Bd2 b6 16. Rfc1 Na5 17. Qc2 Nc4 18. Bxc4 dxc4 19. Qxc4 {½-½ (33) Topalov,V (2760)-Anand,V (2779) Saint Louis 2016}) 12... Rb8 13. Bd2 h6 14. O-O O-O 15. a4 {[%cal Ba3a4,Ba4a5,Ba5a6][%mdl 32]} Nh4 16. Nxh4 Qxh4 17. f4 f5 18. Kh1 Bd7 19. Rb2 Nd8 20. a5 {[%mdl 1024] White has compensation.} Rc8 21. a6 b6 22. Bb4 Nc6 23. Ba3 Rfd8 24. Bb5 Be8 25. g3 Qh3 {Strongly threatening ...Nxd4!} 26. Rg1 Na5 27. c6 {Weighted Error Value: White=0.07/Black=0.06} 1/2-1/2

[Event "Sheikh Russel GM 2021"]
[Site "Dhaka"]
[Date "2021.10.27"]
[Round "9.7"]
[White "Stany, G.A."]
[Black "Koustav Chatterjee"]
[Result "1/2-1/2"]
[WhiteElo "2522"]
[BlackElo "2431"]
[Annotator "TA"]
[PlyCount "44"]
[EventDate "2021.10.19"]
[EventType "swiss"]
[EventCountry "BAN"]
[SourceTitle "playchess.com"]
[Source "ChessBase"]
[SourceQuality "1"]

{[%evp 16,44,41,12,32,29,25,14,16,-16,-13,-13,-13,-13,-13,-1,1,0,-2,-14,0,-31,-37,-41,-27,-16,-37,-30,-29,-27,-38]} 1. e4 e5 2. Nf3 Nc6 3. Bb5 Nf6 4. d3 d6 5. c3 Be7 6. O-O O-O 7. Re1 a6 8. Ba4 b5 9. Bb3 h6 {C90: Closed Ruy Lopez with 7...d6: Early deviations.} 10. a4 Bd7 {[#]} 11. d4 $146 ({Predecessor:} 11. h3 Re8 12. Nbd2 Bf8 13. Nf1 Na5 14. Bc2 c5 15. d4 cxd4 16. cxd4 Qc7 17. d5 Rec8 18. Ne3 bxa4 19. Bxa4 Nb7 20. Bxd7 Qxd7 {½-½ (32) Fedorchuk,S (2598)-Eljanov,P (2671) Biel 2021}) 11... Re8 {The position is equal.} 12. d5 Na5 13. Bc2 c6 14. dxc6 Bxc6 15. Nbd2 Nc4 16. Nxc4 bxc4 17. Qe2 Rc8 ({Of course not} 17... Qb6 $6 18. Nd2 $14) 18. Rd1 Qb6 19. Nd2 d5 20. exd5 Bxd5 21. Nf1 Ba8 22. Bf5 Qb7 {[%csl Ga8][%cal Rb7g2] Weighted Error Value: White=0.08/Black=0.02} 1/2-1/2

[Event "Sheikh Russel GM 2021"]
[Site "Dhaka"]
[Date "2021.10.27"]
[Round "9.8"]
[White "Tiviakov, Sergei"]
[Black "Laxman, R.R."]
[Result "0-1"]
[WhiteElo "2600"]
[BlackElo "2411"]
[Annotator "TA"]
[PlyCount "130"]
[EventDate "2021.10.19"]
[EventType "swiss"]
[EventCountry "BAN"]
[SourceTitle "playchess.com"]
[Source "ChessBase"]
[SourceQuality "1"]

{[%evp 15,130,12,36,36,39,29,37,35,36,4,2,-17,-13,-10,0,-10,0,-6,7,-16,-15,-18,-2,-9,-8,-26,-16,-33,-6,-6,-6,-7,0,-4,0,-13,-12,-21,-20,-36,-38,-38,-36,-37,-37,-44,-47,-120,-104,-104,-101,-110,-113,-107,-107,-91,-85,-91,-83,-91,-75,-86,-75,-78,-77,-73,-42,-50,-46,-106,-120,-97,-46,-46,-46,-46,-46,-48,-31,-32,-22,-26,-24,-21,0,0,0,0,0,0,112,131,31,0,0,0,0,0,0,0,0,-521,-504,-502,-492,-485,-479,-421,-273,-470,-405,-394,-343,-1047,-1007,-938,-821]} 1. e4 e5 2. Nf3 Nc6 3. Bc4 Bc5 4. c3 Nf6 5. d3 d6 6. Bb3 a6 7. h3 Ba7 8. Nbd2 Ne7 9. Nf1 {C54: Giuoco Piano: 4 c3 Nf6, main lines with 5 d4 and 5 d3.} Ng6 10. Ng3 O-O 11. O-O {White is slightly better.} Be6 12. Bc2 d5 {[#]} 13. Bd2 $146 ({Predecessor:} 13. d4 exd4 14. e5 d3 15. Qxd3 Nd7 16. Be3 c5 17. b4 Qc7 18. bxc5 Rfc8 19. Bd4 Bxc5 {½-½ (42) Bologan,V (2700)-Sasikiran,K (2652) Corsico 2005}) 13... c6 14. Qc1 dxe4 15. dxe4 Qc7 16. Bg5 Ne8 17. Rd1 f6 18. Be3 Bxe3 19. Qxe3 Nd6 20. b3 Rad8 21. Ne2 Rd7 22. c4 Rfd8 23. c5 Nf7 24. Rxd7 Rxd7 25. Qc3 Qd8 26. a3 h6 27. Kf1 Ng5 28. Ne1 Bf7 29. b4 Ne6 30. Bb3 Ngf4 31. Ng3 (31. Nxf4 $15 Nxf4 32. h4) 31... g6 32. Bxe6 Bxe6 33. Ne2 Nxe2 34. Kxe2 Rd4 35. f3 Bc4+ 36. Kf2 Rd2+ 37. Kg3 Qd4 38. Rc1 Be6 ({Of course not} 38... Qf2+ 39. Kh2 $11) 39. Qxd4 exd4 $17 {[%mdl 4096] Endgame KRB-KRN} 40. f4 Ra2 41. Rd1 $1 Rxa3+ 42. Kf2 (42. Rd3 $1 $15 Rxd3+ 43. Nxd3) 42... Ra2+ $1 43. Kf3 f5 (43... a5 $17 44. Rxd4 a4 45. Rd8+ Kf7) 44. exf5 $15 gxf5 45. Rxd4 Bd5+ 46. Ke3 h5 47. Rd2 Ra3+ 48. Kd4 Kf7 49. Nd3 h4 50. Ke5 Kg6 51. Kd6 Rb3 52. Kc7 Kf6 (52... Kh5 $11) 53. Kxb7 $16 a5 {White must now prevent ...a4.} 54. Kc7 axb4 (54... a4 $5 55. Ne5 $8 a3 56. Nxc6 Rb2 57. Rxd5 a2 58. Rd6+ Kg7 $11) 55. Ne5 Rc3 {...b3 is the strong threat.} 56. Nxc6 b3 {aiming for ...Be4.} 57. Nb4 (57. Rxd5 $2 b2 $19) 57... Be4 ({Wrong is} 57... Rxc5+ $2 58. Kd6 $18) 58. Kd6 {[%mdl 8192] [#]} (58. c6 $11 {and White is okay.} Rc4 59. Rd6+ Kg7 60. Rd7+ Kg6 61. Rd6+ Kh7 62. Rd7+ Kg8 63. Rd8+ Kf7 64. Rd7+ Kg8 65. Rd8+ Kg7 66. Rd7+ Kg6 67. Rd6+ Kh5 68. Nd5 Bxg2 69. Nf6+ Kh6 70. Nd5+ Kh7 71. Rd7+ Kh6 72. Rd6+ Kg7 73. Rd7+ Kf8 74. Rd8+ Kg7 75. Rd7+ Kh6 76. Rd6+) 58... Rc4 $1 $19 59. Nd5+ {[#]} Kf7 $1 60. Ne3 Rc3 61. Re2 Rd3+ 62. Kc7 $2 (62. Ke5 b2 {[%mdl 64] Deflection} 63. Rxb2 Rxe3 64. Rb6) 62... b2 {[%mdl 64] Deflection} 63. Rxb2 {Strongly threatening Nc4.} Rxe3 64. c6 $2 (64. Rd2 Rc3 65. Kd6) 64... Rc3 65. Rb6 Ke6 {Weighted Error Value: White=0.29/Black=0.14} 0-1

[Event "Sheikh Russel GM 2021"]
[Site "Dhaka"]
[Date "2021.10.27"]
[Round "9.9"]
[White "Haznedaroglu, Kivanc"]
[Black "Solodovnichenko, Yuri"]
[Result "1/2-1/2"]
[WhiteElo "2438"]
[BlackElo "2577"]
[Annotator "TA"]
[PlyCount "34"]
[EventDate "2021.10.19"]
[EventType "swiss"]
[EventCountry "BAN"]
[SourceTitle "playchess.com"]
[Source "ChessBase"]
[SourceQuality "1"]

{[%evp 18,34,15,17,18,22,39,31,43,45,40,20,33,21,35,28,54,18,154]} 1. d4 Nf6 2. c4 e6 3. Nc3 d5 4. cxd5 exd5 5. Bg5 c6 6. e3 h6 7. Bh4 Be7 8. Qc2 O-O 9. Bd3 Re8 10. Nge2 Nh5 {D36: Queen's Gambit Declined: Exchange Variation: Main line (5 Bg5 c6 6 Qc2).} 11. Bxe7 Rxe7 {[#]} 12. h3 $146 ({Predecessor:} 12. O-O Qd6 13. Rad1 Na6 14. a3 Nf6 15. Ng3 Kh8 16. h3 Bd7 17. Bxa6 bxa6 18. Nf5 Bxf5 19. Qxf5 {1-0 (41) Iwaszkiewicz,K (1542)-Seliga,M (1298) Warsaw 2018}) 12... Nf6 {White is slightly better.} 13. a3 a5 14. Rb1 Nbd7 {[%cal Bb8d7,Bd7f8,Bf8e6][%mdl 32]} 15. O-O Nf8 16. b4 Ne6 17. Na4 Nd7 {Weighted Error Value: White=0.08/Black=0.10} (17... b5 $11) 1/2-1/2

[Event "Sheikh Russel GM 2021"]
[Site "Dhaka"]
[Date "2021.10.27"]
[Round "9.10"]
[White "Iskandarov, Misratdin"]
[Black "Rahman, Ziaur"]
[Result "1-0"]
[WhiteElo "2552"]
[BlackElo "2431"]
[Annotator "TA"]
[PlyCount "109"]
[EventDate "2021.10.19"]
[EventType "swiss"]
[EventCountry "BAN"]
[SourceTitle "playchess.com"]
[Source "ChessBase"]
[SourceQuality "1"]

{[%evp 14,109,32,36,36,28,50,57,45,51,41,45,35,24,42,30,46,53,56,39,90,0,0,0,0,0,12,18,30,0,12,0,0,0,0,-6,0,-16,51,50,47,47,55,59,72,61,68,81,77,79,74,75,100,90,85,82,86,92,227,208,263,283,269,250,321,272,368,362,432,412,503,503,508,508,508,508,487,508,492,503,482,479,496,491,1754,1652,1659,1435,1347,844,6075,6075,6075,6075,5405,5120,5061,2194]} 1. e4 c6 2. Nc3 d5 3. d4 dxe4 4. Nxe4 Nf6 5. Nxf6+ exf6 6. c3 Bd6 7. Bd3 O-O 8. Qc2 Re8+ {B15: Caro-Kann: 3 Nc3: 3...g6 and 3...dxe4 4 Nxe4 Nf6 5 Nxf6+ exf6.} 9. Ne2 h5 10. O-O h4 {White is slightly better.} 11. h3 Nd7 12. Be3 Nf8 13. c4 Bd7 14. Rad1 {[#]} Qc8 $146 {White should prevent ...Bxh3!} ({Predecessor:} 14... Rc8 15. Qd2 Bb8 16. Bf4 Ne6 17. Bxb8 Rxb8 18. Nc3 Nxd4 19. Bh7+ Kxh7 20. Qxd4 Re7 21. Qxa7 {0-1 (56) Duboue,P (2412)-Bluebaum,M (2669) Chalons en Champagne 2021}) 15. Nf4 Qc7 16. Qd2 Ne6 (16... Rad8 $14) 17. Nxe6 (17. Nh5 $16) 17... Bxe6 $11 18. Qe2 g6 19. Qf3 Kg7 20. Bd2 Rad8 21. Bc3 Bh2+ 22. Kh1 {Black must now prevent d5.} Qf4 23. Qxf4 Bxf4 24. Rfe1 Bd7 25. Be4 b5 (25... f5 $11 26. Bf3 Rxe1+ 27. Bxe1 g5) 26. c5 $1 $14 Rc8 27. a4 {Hoping for axb5.} bxa4 28. Ra1 f5 29. Bf3 Rxe1+ $1 30. Bxe1 g5 31. Rxa4 Bb8 32. Bc3 {d5+ is the strong threat.} Kg6 33. Ra6 $1 g4 {[#]} 34. Bd5 Rc7 35. b4 Kg5 {[#] A mistake that costs the game.} (35... f6 $16 {was worth a try.} 36. Bc4 Bc8) 36. f4+ $1 $18 ({Inferior is} 36. Bxf7 Bc8 $15) 36... gxf3 37. Bxf3 Rc8 38. Kg1 Be8 39. Kf2 Bg3+ 40. Ke2 Rc7 41. Kd3 f6 42. d5 {White is clearly winning.} cxd5 43. Bxf6+ Kf4 {Strongly threatening ...Bb5+.} 44. Re6 Bb5+ 45. Kc3 Rc6 46. Be5+ Kg5 47. Bd6 Bxd6 48. Rxd6 ({Not} 48. Bxd5 Rxc5+ 49. bxc5 Bxc5 $16) 48... Rxd6 (48... Rc8 $142 49. Kd4 Bf1) 49. cxd6 {[%mdl 4096] Endgame KB-KB} Kf6 50. Kd4 Ke6 51. Kc5 Bc4 52. Kc6 a6 {[#]} 53. Bxd5+ $1 {[%mdl 576] Promotion} Bxd5+ 54. Kc7 Bxg2 55. d7 {Weighted Error Value: White=0.04/Black=0.24} 1-0